000 00301nam a22001337a 4500
020 _aNA
082 _222
_a620.00151535
100 _aSeshu, P.
245 _aTextbook of finite element analysis /
250 _a3rd ed.
260 _bPrentice Hall,
_cc2005.
300 _a0
_bill. ;
942 _2ddc
_cCIVIL
999 _c4288
_d4288